000 01032cab a2200241 4500
001 ABS50813
008 090401t1994 xxu||||| |||| 00| 0 eng d
035 _a(Sirsi) u56596
041 _aeng
100 _aTyler, M.
245 _aCONDAM Regulations - new duties
260 _c1994
350 _a0
490 _aProperty Journal
_v19(5) June 1994, 11-12(2)
520 _aEvaluates the final preparations being put in place to implement the Construction (Design and Management) Regulations (CONDAM) due to come into force October 1994. Looks at the efforts of the Health and Safety Commission, in developing regulations governing the management of construction work since 1989. Explains how plans have had to be adapted to be consistent with the EC construction site safety Directive.
650 _aCONDAM REGULATIONS
650 _aCONSTRUCTION SITES
650 _aEC CONSTRUCTION SITE SAFETY DIRECTIVE
650 _aSITE SAFETY
690 _aBUILT ENVIRONMENT-BUILDING STANDARDS
942 _n0
948 _c04/03/1997
999 _c34530
_d34530